Principles of program design /
Guardado en:
| Autor Principal: | |
|---|---|
| Formato: | Libro |
| Idioma: | English |
| Publicado: |
London ; New York :
Academic Press,
1975.
|
| Series: | A.P.I.C. studies in data processing ;
no. 12. |
| Materias: | |
| Etiquetas: |
Agregar Etiqueta
Sin Etiquetas, Sea el primero en etiquetar este registro!
|
| LEADER | 00612cam a2200193 a 4500 | ||
|---|---|---|---|
| 001 | MAT.inmabb002703 | ||
| 008 | 751031s1975####enka#####b####000#0#eng## | ||
| 005 | 20170512170751.0 | ||
| 245 | 1 | 0 | |a Principles of program design / |c M. A. Jackson. |
| 260 | |a London ; |a New York : |b Academic Press, |c 1975. | ||
| 300 | |a xii, 299 p. : |b il. ; |c 24 cm. | ||
| 440 | 0 | |a A.P.I.C. studies in data processing ; |v no. 12. | |
| 504 | |a Bibliografía: p. 299. | ||
| 100 | 1 | |a Jackson, M. A. | |
| 650 | 0 | |a Computer programming. | |
| 084 | |a 68N01 |2 MR | ||
| 010 | |a 75015033 | ||
| 040 | |a DLC |c DLC |d DLC | ||
| 859 | |h 68 |i J12p |p A-5153 |b BIB. MATEMATICA | ||
